| 000 | 02602nam0a2200469 4500 | ||
|---|---|---|---|
| 001 | RU\NLR\bibl\588764 | ||
| 005 | 20260409074325.0 | ||
| 010 |
_a5-88648-395-0 _bв обл. _9100 |
||
| 021 |
_aRU _b2004-33907 _91701 |
||
| 035 | _aRSL-KNO-002442140 | ||
| 035 | _a(NLR Aleph) 000580738 | ||
| 090 |
_a1651067 _c1651067 |
||
| 100 | _a20040609d2003 |||y0rusy50 ca | ||
| 101 | 0 |
_arus _aeng |
|
| 102 | _aRU | ||
| 105 | _aa ||||||||| | ||
| 106 | _ar | ||
| 200 | 1 |
_aЯзык и социокультурная среда: аспекты взаимодействия _eматериалы 48 науч.-метод. конф. "Унив. наука - региону", [(15 - 23 апр. 2003) _fредкол.: Серебрякова С. В. (отв. ред.) и др.] |
|
| 210 |
_aСтаврополь _cИзд-во СГУ _d2003 _eИПК Ставроп. фил. Рост. воен. ин-та РВ |
||
| 215 |
_a356 с. _cтабл. _d20 |
||
| 300 | _aТекст рус., англ. | ||
| 300 | _aВ надзаг.: М-во образования Рос. Федерации, Ставроп. гос. ун-т | ||
| 320 | _aБиблиогр. в конце ст. | ||
| 606 | 0 |
_aЯзыкознание _jСборники _9911558 _3RU\NLR\auth\6613279 |
|
| 606 | 0 |
_aЯзыкознание _jСъезды, совещания и т.п. _9911558 _3RU\NLR\auth\6613279 |
|
| 606 | 0 |
_aИндоевропейские языки _jСборники _9917662 _3RU\NLR\auth\66336009 |
|
| 606 | 0 |
_aИндоевропейские языки _jСъезды, совещания и т.п. _9917662 _3RU\NLR\auth\66336009 |
|
| 606 |
_aИностранные языки _xПреподавание _xВысшая школа _jСъезды, совещания и т.п. _3RU\NLR\AUTH\661291992 _92144180 |
||
| 606 |
_aИностранные языки _xМетодика преподавания _xВысшие учебные заведения _jСборники _3RU\NLR\auth\661377301 _92300426 |
||
| 686 | 1 | _aШ10я431 | |
| 686 | 1 | _aШ140/159я431 | |
| 686 | 1 | _aЧ486.17я431 | |
| 702 | 1 |
_4340 _aСеребрякова _bС. В. _cд-р филол. наук _gСветлана Васильевна _9209955 _3RU\NLR\AUTH\770210009 |
|
| 711 | 1 | 2 |
_a"Университетская наука - региону", научно-методическая конференция _d48 _f2003 _eСтаврополь _3RU\NLR\AUTH\8810049939 _9600024 |
| 801 | 0 |
_aRU _bRuMoRKP _c20040609 _grcr |
|
| 801 | 1 |
_aRU _bRuMoRGB _c20040609 |
|
| 801 | 2 |
_aRU _bNLR _c20041223 _gPSBO |
|
| 942 | _cBOOK | ||
| 980 | _aNB | ||
| 980 | _aNBR | ||